000 00992nab a22002897a 4500
003 BR-BrBNA
005 20240221135944.0
008 240221b bl.||||| |||| 00| 0 por d
040 _aBR-BrBNA
_bpor
072 _aL01 ; L20 ; Q60
_b7600 ; 8946 ; 0910
100 _aBarbosa, Sylvio Fairbanks
245 _aComercialização dos casulos
500 _a2 illus.; 1 table
650 _aBICHO DA SEDA
650 _aINSETO
650 _aLARVA
650 _aCASULO
650 _aDESINFECÇÃO
650 _aSERICICULTURA
650 _aSEDA
650 _aFIBRA ANIMAL
650 _aAMORA
650 _aCOMERCIALIZAÇÃO
773 0 _01330
_9275223
_dCampinas-SP Coordenadoria de Assistência Técnica Integral - CATI - Centro de Comunicação Rural e Treinamento - CECORT 1979. Data final de publicação em 1990
_o2023-437031
_tCasa da Agricultura (Brazil)
_x0100-6541
_gv. 2(2) p. 24-25 (Mar-Apr 1980)
_wBR2023002402
942 _cAnalítica
999 _c298551
_d298551